000 02752aam a2200313 a 4500
003 AR-RoUNCS
005 20251118140729.0
008 070425s1981 ag ac gr 001 0 spa
020 _a950-2511-01-8
_qobra completa
040 _aAR-BaBN
_bspa
_cAR-RoUNCS
_eaacr
080 1 _a75(82)
_22016
245 0 0 _aPintores argentinos del siglo XX.
246 3 3 _aArtistas argentinos del siglo XX
260 _aBuenos Aires :
_bCentro Editor de América Latina,
_c1980-1982.
300 _a8 v. :
_bil., retrs. ;
_c34 cm.
500 _aSe publicó en 128 fascículos de entrega semanal para contar al cabo de su publicación con 8 volumenes completo. (Descripción del editor).
505 _av.1-4 (fasc. 1 a 64): pintores argentinos del siglo XX -- v. 5 (Fasc. 65 al 80): Escultores argentinos del siglo XX -- v. 6 (Fasc. 81 al 96): Grabadores argentinos del siglo XX -- v. 7 (Fasc.97 al 112): Fotógrafos argentinos del sigl XX.
505 0 0 _aMalharro -- Silva -- Fader -- Guillermo Butler -- Quirós --Gómez Cornet --Victorica --Daneri -- Pettoruti -- Emilio Centurión --Basaldúa -- Guttero --Spilimbergo --Del Prete -- Urruchúa -- Policastro -- Domínguez Neira -- Castagnino -- Horacio Butler -- Carlos Alonso -- Berni -- Batlle Planas -- Aizenberg -- Xul Solar -- Supisiche -- Presas -- Torrallardona -- Soldi -- Seoane -- Cogorno -- Russo -- Forner -- Forte -- Gambartes -- Luis Barragán -- Brizzi -- Mac Entyre -- Kemble -- Demirjian -- Hlito -- Deira -- Vidal -- Testa -- Noé -- Seguí -- Messil -- Bonevardi -- Carpani -- Paternosto -- Macció -- Vega, de la -- Carlos Silva -- Puente -- Torroja -- Grilo -- Le Parc -- Garabito -- Benedit -- Chab -- Roux.
_gPintores argentinos.
505 0 0 _aLola Mora -- Riganelli -- Lagos --Fioravanti -- Sibelino -- Curatella Manes -- Badii -- Paparella -- Blaszko -- Iommi -- Heredia -- Renart -- Fontana -- Distéfano.
_gSerie complementaria Escultores Argentinos del Siglo XX.
505 0 0 _aPompeyo Audivert -- Fernando López Anaya -- Carballo -- Facio Hebequer -- Rebuffo -- Seoane -- Sergi -- Rubli -- Porter -- Zelaya -- Filevich -- Berni -- Norberto Onofrio -- Cugat -- Eduardo Audivert -- Planas Casas.
_gSerie complementaria Grabadores Argentinos del Siglo XX.
505 0 0 _aDi Sandro -- D'Amico --Humberto Rivas -- Coppola.
_gSerie complementaria Fotógrafos Argentinos del Siglo XX.
581 8 _aMás libros para más : colecciones del Centro Editor de América Latina. Buenos Aires : Biblioteca Nacional, 2008.
_zISBN 978-987-9350-44-7.
650 4 _aPINTORES
_zARGENTINA
_ySIGLO XX
650 4 _aPINTURA
_ySIGLO XX
_xARTE
_zARGENTINA
650 4 _aFOTOGRAFÍA
_ySIGLO XX
_zARGENTINA
650 4 _aESCULTURA
_ySIGLO XX
_zARGENTINA
650 4 _aGRABADO
_ySIGLO XX
_zARGENTINA
942 _2udc
_cLS
_n0
999 _c777
_d777